000 00674nam a22002177a 4500
003 OSt
005 20260427113046.0
008 260427b |||||||| |||| 00| 0 eng d
020 _a9781032453941
020 _a9781003376750
040 _aMMARA-U
_beng
_cMMARA-U
_dMMARA-U
050 _aK 1730 .S235 2004
110 _aGeorgeson Eugene Schofield.
_93179
245 _aContract, Labour Law and the Realities of Working Life /
_cEugene Schofield-Georgeson.
260 _aNew York :
_bRoutledge,
_c2004.
300 _axv, 185 pages :
504 _aIncludes Bibliography and Index.
650 _aThe Employee.
_93180
650 _aBargaining.
_93181
942 _2lcc
_cLOAN LOAN
999 _c33533
_d33530